Diet and nutrition

Bibliographic Details
Main Author: Ward, Brian R
Format: Book
Published: London : Franklin Watts , 1987
Series:Life Guides
Subjects:

MARC

LEADER 00000cam a2200000 7i4500
001 0000005658
002 000006116
005 20000330.0
020 |a 0863134521 
090 0 0 |a JR 613   |b LIF 
100 1 |a Ward, Brian R 
245 1 0 |a Diet and nutrition   |c Brian R Ward 
260 |a London :   |b Franklin Watts ,   |c 1987 
300 |a 48p ;   |c 25 cm. 
490 0 |a Life Guides 
650 0 0 |a Diet   |x Juvenile literature 
999 |a 016113   |b BUKU   |c JUNIOR REFERENCE   |e PERPUSTAKAAN KOMUNITI PETALING JAYA